000
00294nam a22001337a 4500
020
_a
978-0-419-22690-1
041
_a
ENG
100
_a
Wooiiet .T
245
_a
Green Building Handbook Vol 1
260
_a
New Yory
_b
Green Building Digest
_c
1997
300
_a
216
650
_a
FS
856
_u
FS
999
_c
782
_d
782